| 000 | 00758nam a22002297a 4500 | ||
|---|---|---|---|
| 999 |
_c335423 _d335423 |
||
| 001 | 49319 | ||
| 003 | UA-OsUOA | ||
| 005 | 20200126143619.0 | ||
| 007 | ta | ||
| 008 | 20070928b un ||||| |||| 00| 0 ukr d | ||
| 020 | _a966-574-655-3 | ||
| 040 |
_aUA-OsUOA _bukr _cUA-OsUOA _dUA-OsUOA |
||
| 041 | _aukr | ||
| 080 | _a330.40 | ||
| 090 |
_a330.40 _bС 40 |
||
| 245 |
_aСистеми оброблення економічної інформації _bнавчально-методичний посібник для самостійного опрацювання _cза заг. ред. Ситника В. Ф. |
||
| 260 |
_aК. _bКНЕУ _c2004 |
||
| 300 | _a332 с. | ||
| 650 | 7 |
_a330 Економіка взагалі _2UDC |
|
| 942 |
_cBK _2udc |
||
| 955 | _a2 | ||